00885nam a2200229 a 4500001001000000003000500010005001700015008004100032010001100073011001100084040000900095100003100104245014400135260004100279500006000320502009200380650002700472650004000499650002200539650002400561856007000585000114972CHAP20220329144506.0180821s2018 mx a |sm |||||||spa d a111433 a112405 cCHAP1 aChávez Goméz, Michael.10aIrradiación recurrente en la selección de mutantes de soya (R2M3) de madurez de 100 díash[En línea]cpor Michael Chávez Gómez. aChapingo, Méx. :bEl autor,c2018. aPara ver el contenido del material haga clic en la liga aTesis (Ing. Agr. Fitotecnista) -- Clolegio Superior Agropecuario del Estado de Guerrero14aMutación en plantas.14aRayos gamaxEfectos fisiológicos.14aSoyaxGenética.14aSoyaxMejoramiento. aFinding aiduhttp://10.13.5.2/tesis/sist114972.pdfzTeclea aquí